Human Physiology (Record no. 1683)

MARC details
000 -LEADER
Fixed length control field 00864nam a2200241 a 4500
003 - CONTROL NUMBER IDENTIFIER
Control field IIN
005 - DATE AND TIME OF LATEST TRANSACTION
Control field 20250324132039.0
008 - FIXED-LENGTH DATA ELEMENTS--GENERAL INFORMATION
Fixed length control field 250324s9999 xx ad 001 0 eng d
020 ## - INTERNATIONAL STANDARD BOOK NUMBER / ISBN
Price Rs.678.90
International Standard Book Number 9789354669590
040 ## - CATALOGING SOURCE
Original cataloging agency IIN
Language of cataloging English
082 ## - DEWEY DECIMAL CLASSIFICATION NUMBER
Classification number 612
Book Number JOH
100 1# - MAIN ENTRY--PERSONAL NAME
Personal name Chatterjee, C.C.
245 1# - TITLE STATEMENT
Title Human Physiology
Statement of responsibility CC Chatterjee; edited by Nitin Ashok John
250 ## - EDITION STATEMENT
Edition statement 15th ed
260 ## - IMPRINT
Name of publisher CBS
Place of publication New Delhi
Date of publication 2025
300 ## - PHYSICAL DESCRIPTION
Page / Vol. No xviii, 541-1046 p. / V.2
Other physical details col. ill.
500 ## - GENERAL NOTE
General note Includes Index
500 ## - GENERAL NOTE
General note Includes Appendices
505 ## - CONTENTS NOTE
Contents note V.1:<br/>General Physiology, Blood, Nerve and Muscle, Cardiovascular System, Respiratory system, Gastro-intestinal Tract, Renal Physiology<br/><br/>V.2:<br/>Endocrines, Reproductive System, Nervous System, Special Senses
650 ## - SUBJECT ADDED ENTRY--TOPICAL TERM
Topical term Physiology
Form subdivision Human
700 1# - ADDED ENTRY--PERSONAL NAME
Personal name John, Nitin Ashok , Ed.
942 ## - ADDED ENTRY ELEMENTS (KOHA)
Koha item type Books
Holdings
Withdrawn status Lost status Source of classification Damaged status Not for loan Collection code Home library Current library Shelving location Date acquired Price Total Checkouts Call number Accession number Date last seen Copy number Price effective from Koha item type
    Dewey Decimal Classification     Purches Book IDEAL INSTITUTE OF NURSING IDEAL INSTITUTE OF NURSING General Stacks 11/03/2025 678.90   612 JOH 1788 24/03/2025 Vol.2 24/03/2025 Books
© Ideal Institute Of Nursing, All rights reserved.         Powered by Koha